Principles of Accounting / Fifth Edition (Record no. 2395)
[ view plain ]
| 000 -LEADER | |
|---|---|
| fixed length control field | 01375cam a22002294a 4500 |
| 005 - ΗΜΕΡΟΜΗΝΙΑ ΚΑΙ ΩΡΑ ΤΕΛΕΥΤΑΙΑΣ ΕΝΗΜΕΡΩΣΗΣ | |
| Πεδίο ελέγχου | 20250605164040.0 |
| 008 - FIXED-LENGTH DATA ELEMENTS--GENERAL INFORMATION | |
| Πεδίο ελέγχου σταθερού μήκους | 250528s ||||||||||||||||||||||||d |
| 035 ## - SYSTEM CONTROL NUMBER | |
| System control number | 16952 |
| 020 ## - ISBN | |
| ISBN | 395624843 |
| 040 ## - ΠΗΓΗ ΚΑΤΑΛΟΓΟΓΡΑΦΗΣΗΣ | |
| Φορέας πρωτότυπης καταλογογράφησης | MC Athens Campus Library |
| Γλώσσα καταλογογράφησης | Ελληνικά, Μοντέρνα (1453-) |
| Modifying agency | MC Athens Campus Library |
| Κανόνες περιγραφικής καταλογογράφησης | AACR2 |
| 245 1# - ΤΙΤΛΟΣ ΚΑΙ ΔΗΛΩΣΗ ΥΠΕΥΘΥΝΟΤΗΤΑΣ | |
| Τίτλος | Principles of Accounting / Fifth Edition |
| 250 ## - EDITION STATEMENT | |
| Edition statement | 5th |
| 260 ## - PUBLICATION, DISTRIBUTION, ETC. | |
| Name of publisher, distributor, etc. | Houghton Mifflin Company, |
| Date of publication, distribution, etc. | 1996 |
| 300 ## - PHYSICAL DESCRIPTION | |
| Extent | 1234 |
| 520 ## - SUMMARY, ETC. | |
| Summary, etc. | Preface, The Basic Accounting Model, Accounting as an Information System,Business Income and Adjusting Entries, Accounting for Merchandising Operations, Extensions of the Basic Accounting Model, Measuring and Reporting Assets and Current Liabilities, Short-Term Liquid Assets, Current Liabilities and Payroll Accounting, Accounting for Parthnerships and Corporations, Contributed Capital, Long-Term Liabilities,The Statement of Cash Flows, Financial Statement Analysis, Special Reports and Analyses of Accounting Information, Basic Concepts of Management Accounting,Cost Behavior and Cost-Volume-Profit Analysis, Product Costing Systems, The Process Cost System, Decision Analyses for Planning and Control, Standard Costing and Performance Evaluation, Appendices, Subject and Company Names Index. |
| 700 1# - ΠΡΟΣΘΕΤΗ ΑΝΑΓΡΑΦΗ--ΦΥΣΙΚΟ ΠΡΟΣΩΠΟ | |
| Personal name | Anderson Henry R. |
| 9 (RLIN) | 3048 |
| 700 1# - ΠΡΟΣΘΕΤΗ ΑΝΑΓΡΑΦΗ--ΦΥΣΙΚΟ ΠΡΟΣΩΠΟ | |
| Personal name | Caldwell James C |
| 9 (RLIN) | 3049 |
| 700 1# - ΠΡΟΣΘΕΤΗ ΑΝΑΓΡΑΦΗ--ΦΥΣΙΚΟ ΠΡΟΣΩΠΟ | |
| Personal name | Needles Belverd E |
| 9 (RLIN) | 1319 |
| 942 ## - ADDED ENTRY ELEMENTS (KOHA) | |
| Koha item type | Books |
| Τύπος τεκμηρίου | Βιβλιοθήκη | Τρέχουσα τοποθεσία | Barcode | Αριθμός εισαγωγής | Ημερομηνία απόκτησης | Ταξιθετικό σύμβολο | Αριθμός αντιτύπου | Κατάσταση απόσυρσης | Κατάσταση χαμένου | Κατάσταση κατεστραμμένου | Μη δανεισμός | Σύνολο δανεισμών | Ημερομηνία τελευταίας εμφάνισης | Η τιμή ισχύει από |
|---|---|---|---|---|---|---|---|---|---|---|---|---|---|---|
| Books | MC Athens Campus Library | MC Athens Campus Library | 9780000023940 | 5626 | 05/06/2025 | REF 657 NEE | 1 | 05/06/2025 | 05/06/2025 |